Wine Economics (Record no. 14456)
[ view plain ]
| 000 -LEADER | |
|---|---|
| fixed length control field | 00688nam a2200133Ia 4500 |
| 008 - FIXED-LENGTH DATA ELEMENTS--GENERAL INFORMATION | |
| fixed length control field | 220615s9999||||xx |||||||||||||| ||und|| |
| 020 ## - INTERNATIONAL STANDARD BOOK NUMBER | |
| International Standard Book Number | 9780260000000 |
| 100 ## - MAIN ENTRY--PERSONAL NAME | |
| Personal name | Castriota, Stefano |
| 245 #0 - TITLE STATEMENT | |
| Title | Wine Economics |
| 546 ## - LANGUAGE NOTE | |
| Language note | English[eng] |
| 650 ## - SUBJECT ADDED ENTRY--TOPICAL TERM | |
| Topical term or geographic name entry element | Wine economics||economics of wine||Wine and Economics||Economia del Vino||American Wine Economics||Journal of Wine Economics||Denton Marks||James Thornton||France||Italy wine||France wine||United States wine||New Zealand wine||Australia wine||Chile wine||Argentina wine||South Africa wine||Spain wine||health effects wine||wine regulation||quality of wine |
| 856 ## - ELECTRONIC LOCATION AND ACCESS | |
| Uniform Resource Identifier | <a href="https://doi.org/10.7551/mitpress/11106.001.0001">https://doi.org/10.7551/mitpress/11106.001.0001</a> |
| 942 ## - ADDED ENTRY ELEMENTS (KOHA) | |
| Koha item type | E-Books |
| Withdrawn status | Lost status | Damaged status | Not for loan | Home library | Current library | Date acquired | Total Checkouts | Date last seen | Price effective from | Koha item type |
|---|---|---|---|---|---|---|---|---|---|---|
| Kerala University of Digital Sciences, Innovation and Technology Knowledge Centre | Kerala University of Digital Sciences, Innovation and Technology Knowledge Centre | 15/06/2022 | 15/06/2022 | 15/06/2022 | E-Books |